000 00551nam a2200229 i 4500
001 bgj
100 1 _aNABOKOV, Vladimir
_d(1899-1977).
245 1 0 _aLolita /
_cVladimir Nabokov.
260 _aLondon :
_bPenguin Books,
_c1980.
300 _a315 pp ;
_c18 cm.
650 9 _aMiddle-aged men
650 9 _aGirls
650 9 _aErotic fiction
650 9 _aLove stories
655 _aFiction
020 _a0140054723
040 _cBPK
041 0 _aeng
920 _a0-14-005472-3
942 _cKS
008 s uk f |000 0 eng
999 _c49101
_d49101
856 _uhttp://koha.tu.koszalin.pl/cgi-bin/koha/opac-detail.pl?biblionumber=49101
_yKatalog online BPK